ロード中...

Asia and Western dominance

書誌詳細
第一著者: Panickar,K.M
フォーマット: Printed Book
主題:
LEADER 00302nam a22000977a 4500
100 |a Panickar,K.M. 
245 |a Asia and Western dominance 
650 |a History-asia and western  |v Panikkar 
942 |c REF 
999 |c 93833  |d 93833 
952 |0 0  |1 0  |4 0  |7 0  |9 86331  |a SSS  |b SSS  |c RGS  |d 2011-05-23  |l 0  |p SSSPC075  |r 2011-05-23  |w 2011-05-23  |y REF